Catálogo
 En Linea

Lengua. (Registro nro. 45939)

Detalles MARC
000 -CABECERA
campo de control de longitud fija 00298nam a2200121 a 4500
005 - FECHA Y HORA DE LA ÚLTIMA TRANSACCIÓN
campo de control 20201002052859.0
008 - DATOS DE LONGITUD FIJA--INFORMACIÓN GENERAL
campo de control de longitud fija 150817s2005 000 spa d
020 ## - NÚMERO INTERNACIONAL ESTÁNDAR DEL LIBRO
Número Internacional Estándar del Libro 99993472808
040 ## - FUENTE DE LA CATALOGACIÓN
Centro catalogador/agencia de origen DO-SdBNP
100 ## - ENTRADA PRINCIPAL--NOMBRE DE PERSONA
Nombre de persona Vives, Vicens
9 (RLIN) 73119
245 #0 - MENCIÓN DE TÍTULO
Título Lengua.
260 ## - PUBLICACIÓN, DISTRIBUCIÓN, ETC.
Lugar de publicación, distribución, etc. Santo Domingo : Taller,
Fecha de publicación, distribución, etc. 2005.

No hay ítems disponibles.

Con tecnología Koha